Family living,relationships and decisions (Record no. 580595)
[ view plain ]
| 000 -LEADER | |
|---|---|
| fixed length control field | 00537nam a22001937a 4500 |
| 003 - CONTROL NUMBER IDENTIFIER | |
| control field | CEME |
| 005 - DATE AND TIME OF LATEST TRANSACTION | |
| control field | 20210628205346.0 |
| 008 - FIXED-LENGTH DATA ELEMENTS--GENERAL INFORMATION | |
| fixed length control field | 210127b xxu||||| |||| 00| 0 eng d |
| 020 ## - INTERNATIONAL STANDARD BOOK NUMBER | |
| International Standard Book Number | 0-314-91536-2 |
| 040 ## - CATALOGING SOURCE | |
| Transcribing agency | . |
| 082 ## - DEWEY DECIMAL CLASSIFICATION NUMBER | |
| Classification number | 306.8 COX |
| 100 ## - MAIN ENTRY--PERSONAL NAME | |
| Personal name | Cox, Frank D |
| 9 (RLIN) | 75111 |
| 245 ## - TITLE STATEMENT | |
| Title | Family living,relationships and decisions |
| 260 ## - PUBLICATION, DISTRIBUTION, ETC. | |
| Place of publication, distribution, etc. | NEW YORK |
| Name of publisher, distributor, etc. | NTC BUSINESS BOOKS |
| Date of publication, distribution, etc. | 2002 |
| 300 ## - PHYSICAL DESCRIPTION | |
| Extent | XIII,475P |
| 650 ## - SUBJECT ADDED ENTRY--TOPICAL TERM | |
| Topical term or geographic name entry element | FAMILY LIVING RELATIONSHIPS AND DECISIONS.SOCIOLOGY |
| 9 (RLIN) | 75112 |
| 700 ## - ADDED ENTRY--PERSONAL NAME | |
| Personal name | CANADA, CAROL |
| 9 (RLIN) | 75113 |
| 942 ## - ADDED ENTRY ELEMENTS (KOHA) | |
| Koha item type | Book |
| Source of classification or shelving scheme | |
| Withdrawn status | Lost status | Damaged status | Not for loan | Permanent Location | Current Location | Shelving location | Date acquired | Total Checkouts | Full call number | Barcode | Date last seen | Price effective from | Koha item type |
|---|---|---|---|---|---|---|---|---|---|---|---|---|---|
| College of Electrical & Mechanical Engineering (CEME) | College of Electrical & Mechanical Engineering (CEME) | General Stacks | 02/21/2017 | 306.8 COX | CEME-40006 | 06/28/2021 | 06/28/2021 | Book | |||||
| College of Electrical & Mechanical Engineering (CEME) | College of Electrical & Mechanical Engineering (CEME) | General Stacks | 07/21/2017 | 306.8 COX | CEME-37434 | 06/28/2021 | 06/28/2021 | Book |
